000 01189cab a2200229 4500
001 L139767
008 070117e20070404 f s 000 0 eng u
035 _a(Sirsi) u139767
041 0 _aeng
050 _a333.333 $2 18
110 1 _aNationwide Building Society
_91019
245 0 0 _aNationwide quarterly review of house prices
_bApril 2007
_h[electronic resource]
260 _aLondon
_bNationwide
_c2007
490 0 _aNationwide Quarterly Review of House Prices
_vApril 2007
520 _aThere was a general cooling across the UK, with London and Northern Ireland remaining outside this trend. In London the house price growth was the highest in almost four years. Price growth in Northern Ireland was the fastest since records began in 1973. Prices in the south of England increased almost twice as much as in the north. The average house price was £175 554. Tables.
590 _aKA
650 2 4 _aNATIONWIDE QUARTERLY REVIEW OF HOUSE PRICES
651 4 _aUnited Kingdom
_y
690 _aPROPERTY-RESIDENTIAL PROPERTY-RESIDENTIAL PROPERTY MARKET
856 4 0 _uhttps://nationwide.co.uk/hpi/review.htm
_zView the review free of charge at http://nationwide.co.uk...
942 _n0
999 _c107340
_d107340